Countries With No McDonald’s By Size - Statistics

General Stats
  • This quiz has been taken 14 times
  • The average score is 6 of 10
Answer Stats
Country Area (km) Area (mi) % Correct
Afghanistan 652,230 251,827
73%
Democratic Republic of the Congo 2,344,858 905,355
73%
Algeria 2,381,741 919,595
64%
Iran 1,648,195 636,372
64%
Nigeria 923,768 356,669
64%
Sudan 1,886,068 728,215
64%
Angola 1,246,700 481,354
45%
Ethiopia 1,104,300 426,373
45%
Bangladesh 147,570 55,980
36%
Cameroon 475,442 183,569
36%
No matching quizzes found
Score Distribution
Percent of People with Each Score
Percentile by Number Answered
Your Score History
You have not taken this quiz